Normal view
MARC view
- Stone, Lawrence Joseph,
Entry Nombre Personal
001 - NUMERO DE CONTROL
- campo de control: 32163
003 - IDENTIFICADOR DE NUMERO DE CONTROL
- campo de control: UPN
005 - FECHA Y HORA DE LA ÜLTIMA TRANSACCIÓN
- campo de control: 20210219194430.0
008 - DATOS DE LONGITUD FIJA
- campo de control de longitud fija: nabaccnnaabn|||||||||| b |nc|||||d
035 ## - NUMERO DE CONTROL
- Número de control: UPN11000004269
040 ## - FUENTE DE CATALOGACIÓN
- Lenguaje de catalogación: SPA
- Agencia de transcripción: UPN
100 1# - ENCABEZAMIENTO - NOMBRE PERSONAL
- Nombre personal: Stone, Lawrence Joseph,
- Fechas asociadas con el nombre: 1912-1975
670 ## - FUENTE EN LA QUE SE LOCALIZARON DATOS
- Cita de la fuente: LC
- Información localizada: Stone, L. Joseph (Lawrence Joseph), 1912-1975
902 ## - CATALOGADOR
- Catalogador: BDV/010612
